00898 a2200229 450000100060000002000180000602000180002404100080004208200170005010000170006725000110008430000100009549000260010552002680013152100110039983000260041085600240043604000250046024501050048526000380059070000400062847213 a9788576833079 a9788576834939 apor aYear 3 [Fic] aKinney, Jeff a2. ed. a217p. aDiário de um banana aNo quinto volume da série. nosso herói Greg Heffley. o Garoto Banana. se vê diante de novos desafios e vai ter de se superar para dar conta de todos! Logo ele. que sempre teve tanta pressa para crescer. começa a se questionar se vale mesmo a pena ingressa aYear 3 aDiário de um banana u000016/000016db.jpg aBR-BrIDEAcBR-BrIDEA10aDiário de um banana /ba verdade nua e cruacJeff Kinney; tradução de Antonio de Macedo Soares aSão PaulobVergara & Ribac2012 aSoares, Antonio de MacedoeTradutor